000 00977cab a2200277 4500
001 WB2906-51
008 090401t1993 xxu||||| |||| 00| 0 eng d
035 _a(Sirsi) u48716
041 _aeng
245 _aRIBA seeks talks on registration
260 _c1993
350 _a0
490 _aConstruction News
_v(6301) 11 February 1993, 40
490 _aBuilding
_v258 (7781) 12 February 1993, 11(2)
520 _aFollowing the announcement of the abolition of statutory registration of architects, RIBA is seeking to take over the registration role. Comment by the RICS welcoming the abolition. The Construction Industry Council ialso wants a voluntary registration replacement body.
650 _aABOLITION
650 _aARCHITECTS REGISTRATION
650 _aARCUK
650 _aRIAS
650 _aRIBA
650 _aRICS
650 _aWARNE COMMITTEE
690 _aMANAGEMENT-BUSINESS MANAGEMENT-PROFESSIONAL PRACTICE
942 _n0
948 _c04/03/1997
999 _c30597
_d30597